• 首页
  • 本馆介绍
  • 公告通知
  • 最新文献
  • 馆藏检索
  • 电子资源
  • 读者导购
  • 参考咨询
  • 我的图书馆
  • 登录
  • 详细信息显示
  • 放入我的书架
  • 预约/预借图书
  • 作者相关作品
  • 分类相关作品
  • 丛书相关作品
  • 出版社相关作品

书目信息

  • 表格格式
  • 工作单格式
  • 卡片格式
题名:
北美洲清洁能源开发与投资研究
    
 
作者: ;全球能源互联网发展合作组织 著
分册:  
出版信息: 北京   中国电力出版社  2020.10
页数: 18,148页
开本: 29cm
丛书名:
单 册:
中图分类: F471.062
科图分类:
主题词: 无污染能源--wu wu ran neng yuan--能源开发--研究--北美洲 , 无污染能源--wu wu ran neng yuan--投资--研究--北美洲
电子资源:
ISBN: 978-7-5198-5089-0
000 01889nam0 2200253 450
001 2159500690
005 20211011172912.0
010    @a978-7-5198-5089-0@dCNY230.00
100    @a20201231d2020 em y0chiy0120 ea
101 0  @achi
102    @aCN@b110000
105    @aab z 000yy
106    @ar
200 1  @a北美洲清洁能源开发与投资研究@Abei mei zhou qing jie neng yuan kai fa yu tou zi yan jiu@f全球能源互联网发展合作组织著
210    @a北京@c中国电力出版社@d2020.10
215    @a18,148页@c彩图,地图@d29cm
300    @a全球清洁能源开发与投资研究系列报告
330    @a本书是聚焦北美洲的分报告,全面展示了北美洲的清洁能源资源评估和大型基地址成果。第1~3章,采用数字化方法完成了北美洲水电、风电和光伏发电的资源平估与基地开发研究。首先分别介绍了资源评估和选址研究的方法体系、模型和数据。水电方面,对北美洲主要流域的水能资源开展了理论蕴藏量测算,选取典型待开发河段提出了梯级开发方案。风电和光伏发电方面,在全面测算和分析影响集中式开发的主要因素基础上,开展了全洲各国家和地区风能、太阳能理论蕴藏量、集中开发的技术可开发量及开发成本测算,并结合北美洲部分国家实际,对分布式开发风电的规模开展了初步量化评估;运用数字平台,研究提出了北美洲大型的陆上和海上风电基地、大型太阳能光伏基地的选址布局,完成了开发条件评价、开发规模评估以及技术经济指标测算。第4章,基于北美洲能源电力供需发展趋势,统筹区域内、跨区及跨洲电力消纳市场,研究分析大型清洁能源基地送电方向和输电方式。第5章,梳理了北美洲主要国家的能源政策及投资现状,剖析清洁能源开发项目典型投资模式,结合北美洲水能、风能、太阳能大型基地开发方案开展案例研究,提出了加快北美洲清洁发展的政策和投资模式建议。
606 0  @a无污染能源@Awu wu ran neng yuan@x能源开发@x研究@y北美洲
606 0  @a无污染能源@Awu wu ran neng yuan@x投资@x研究@y北美洲
690    @aF471.062@v5
711 02 @a全球能源互联网发展合作组织@Aquan qiu neng yuan hu lian wang fa zhan he zuo zu zhi@4著
801  0 @aCN@b百万庄@c20211007
905    @b1307572-74@dF471.062@e85@f3
    
    北美洲清洁能源开发与投资研究/全球能源互联网发展合作组织著.-北京:中国电力出版社,2020.10
    18,148页:彩图,地图;29cm
    全球清洁能源开发与投资研究系列报告
    
    ISBN 978-7-5198-5089-0:CNY230.00
    本书是聚焦北美洲的分报告,全面展示了北美洲的清洁能源资源评估和大型基地址成果。第1~3章,采用数字化方法完成了北美洲水电、风电和光伏发电的资源平估与基地开发研究。首先分别介绍了资源评估和选址研究的方法体系、模型和数据。水电方面,对北美洲主要流域的水能资源开展了理论蕴藏量测算,选取典型待开发河段提出了梯级开发方案。风电和光伏发电方面,在全面测算和分析影响集中式开发的主要因素基础上,开展了全洲各国家和地区风能、太阳能理论蕴藏量、集中开发的技术可开发量及开发成本测算,并结合北美洲部分国家实际,对分布式开发风电的规模开展了初步量化评估;运用数字平台,研究提出了北美洲大型的陆上和海上风电基地、大型太阳能光伏基地的选址布局,完成了开发条件评价、开发规模评估以及技术经济指标测算。第4章,基于北美洲能源电力供需发展趋势,统筹区域内、跨区及跨洲电力消纳市场,研究分析大型清洁能源基地送电方向和输电方式。第5章,梳理了北美洲主要国家的能源政策及投资现状,剖析清洁能源开发项目典型投资模式,结合北美洲水能、风能、太阳能大型基地开发方案开展案例研究,提出了加快北美洲清洁发展的政策和投资模式建议。
●
相关链接 在E读中查询图书 在五车中查询图书 在当当中查询图书 在豆瓣中查询图书


正题名:北美洲清洁能源开发与投资研究     索取号:F471.062/85         预约/预借

序号 登录号 条形码 馆藏地/架位号 状态 备注
1 1307572   213075722   第一样本阅览室/ [索取号:F471.062/85] 在馆    
2 1307573   213075731   第一借阅区/ [索取号:F471.062/85] 在馆    
3 1307574   213075740   第一借阅区/ [索取号:F471.062/85] 在馆    
唐山师范学院图书馆 欢迎您!
大连网信软件有限公司© 版权所有